| 000 | 00618nam a2200193Ia 4500 | ||
|---|---|---|---|
| 003 | OSt | ||
| 005 | 20240807144058.0 | ||
| 008 | 210210b1987 xxu||||| |||| 00| 0 eng d | ||
| 040 | _cAL | ||
| 041 | _aKannada | ||
| 082 | _aK894.8 KUDB | ||
| 100 |
_aKUDKADI VISHVANATHA RAI. _dಕುಡ್ಕಾಡಿ ವಿಶ್ವನಾಥ ರೈ _9175520 |
||
| 245 |
_aBharata mattu kannada rangabhumi. _bಭಾರತ ಮತ್ತು ಕನ್ನಡ ರಂಗಭೂಮಿ. |
||
| 260 |
_aMangaluru _bVishvakalaniketana _c1987 |
||
| 300 | _aiv,151 | ||
| 690 |
_aKannada Miscellaneous _9175521 |
||
| 906 | _a046573 | ||
| 942 |
_2ddc _cBK |
||
| 999 |
_c95679 _d95679 |
||